000 00292nam a2200121Ia 4500
008 190216s9999||||xx |||||||||||||| ||und||
100 _aRavindranath B K
245 0 _aHindi- Kadha Sourabh
260 _bCalicut University Publications
_c1993
300 _a95
650 _aHindi
942 _cBK
999 _c15624
_d15624